| 000 | 00411 a2200145 4500 | ||
|---|---|---|---|
| 005 | 20250508095357.0 | ||
| 020 | _a0-07-142999-9 | ||
| 082 | _a658.4 COL | ||
| 100 | _aCOLLEY, J. L. | ||
| 245 | _aExecutive MBA Series : Corporate Governance. | ||
| 260 |
_aNew York, _bMcGraw-Hill, _c2003. |
||
| 300 |
_aXii. 259p.: ill.; _bIndex _c22cm. |
||
| 700 | _aDOYLE, J. L. & LOGAN, G. W. & STETTINIUS, W. | ||
| 942 |
_2ddc _cBKS |
||
| 999 |
_c2167 _d2167 |
||